Statistics for All First Level Subdivisions of North America that are Landlocked

Click here to take the quiz!

General Stats

  • This quiz has been taken 24 times
  • The average score is 35 of 92

Answer Stats

CountryAnswer% Correct
CanadaAlberta
95%
USAIowa
95%
CanadaSaskatchewan
95%
USAArkansas
89%
USAIdaho
89%
USAIllinois
89%
USAIndiana
89%
USAKansas
89%
USAKentucky
89%
USAMissouri
89%
USAMontana
89%
USANebraska
89%
USANevada
89%
USANew Mexico
89%
USANorth Dakota
89%
USAOhio
89%
USAOklahoma
89%
USATennessee
89%
USAVermont
89%
USAWest Virginia
89%
USAArizona
84%
USAColorado
84%
USAMinnesota
84%
USASouth Dakota
84%
USAUtah
84%
USAWisconsin
84%
USAWyoming
84%
MexicoMexico
79%
MexicoMexico City
79%
USAMichigan
79%
USAPennsylvania
79%
MexicoChihuahua
53%
MexicoPuebla
53%
MexicoAguascalientes
47%
GuatemalaGuatemala
47%
MexicoNuevo Leon
47%
MexicoSan Luis Potosi
42%
MexicoDurango
37%
Costa RicaSan Jose
37%
MexicoHidalgo
32%
MexicoMorelos
32%
El SalvadorSan Salvador
32%
MexicoZacatecas
32%
MexicoGuanajuato
26%
MexicoQueretaro
26%
NicaraguaJinotega
16%
El SalvadorSanta Ana
16%
NicaraguaGranada
11%
NicaraguaMatagalpa
11%
Costa RicaAlajuela
5%
GuatemalaAlta Verapaz
5%
NicaraguaBoaco
5%
El SalvadorCabana
5%
Costa RicaCartago
5%
BelizeCayo
5%
GuatemalaChimaltenango
5%
GuatemalaChiquimula
5%
NicaraguaChontales
5%
MexicoCoahulia
5%
HondurasComayagua
5%
HondurasCopan
5%
El SalvadorCuscatlan
5%
HondurasEl Paraiso
5%
GuatemalaEl Progreso
5%
PanamaEmbera
5%
NicaraguaEsteli
5%
HondurasFrancisco Morazan
5%
Costa RicaHeredia
5%
GuatemalaHuehuetenango
5%
HondurasIntibuca
5%
GuatemalaJalapa
5%
HondurasLa Paz
5%
HondurasLempira
5%
NicaraguaMadriz
5%
NicaraguaMasaya
5%
El SalvadorMorazan
5%
NicaraguaNueva Segovia
5%
HondurasOcotepeque
5%
HondurasOlancho
5%
BelizeOrange Walk
5%
GuatemalaPeten
5%
GuatemalaQuetzaltenango
5%
GuatemalaQuiche
5%
GuatemalaSacatepequez
5%
HondurasSanta Barbara
5%
GuatemalaSolola
5%
GuatemalaTotonicapan
5%
HondurasYoro
5%
GuatemalaZacapa
5%
GuatemalaBajo Verapaz
0%
El SalvadorChalentenango
0%
MexicoTlaxaca
0%

Score Distribution

Percentile by Number Answered

Percent of People with Each Score

Your Score History

You have not taken this quiz